书目信息 |
| 题名: |
门萨横向思维与逻辑推理
|
|
| 作者: | 查顿 , 史基特 著 ;丁大刚 , 张相芬 , 庞彦杰 译 | |
| 分册: | ||
| 出版信息: | 上海 华东师范大学出版社 2016 |
|
| 页数: | 244页 | |
| 开本: | 21cm | |
| 丛书名: | 门萨智力大师 | |
| 单 册: | ||
| 中图分类: | G449.4 | |
| 科图分类: | ||
| 主题词: | 智力测验 | |
| 电子资源: | ||
| ISBN: | 978-7-5675-4521-2 | |
| 000 | 01268oam2 2200313 450 | |
| 001 | 1474 | |
| 005 | 20180524103635.54 | |
| 010 | @a978-7-5675-4521-2@dCNY30.00 | |
| 100 | @a20160519d2016 em y0chiy50 ea | |
| 101 | 1 | @achi@ceng |
| 102 | @aCN@b310000 | |
| 105 | @aa z 000yy | |
| 200 | 1 | @a门萨横向思维与逻辑推理@9men sa heng xiang si wei yu luo ji tui li@b专著@dMensa lateral thinking and logical deduction@f(英)戴夫·查顿,卡罗琳·史基特著@g丁大刚,张相芬,庞彦杰译@zeng |
| 205 | @a2版@b修订本 | |
| 210 | @a上海@c华东师范大学出版社@d2016 | |
| 215 | @a244页@c图@d21cm | |
| 225 | 2 | @a门萨智力大师 |
| 330 | @a门萨国际高智商俱乐部的成员都以他们运用智慧解决问题的能力而自豪。他们不断加大难度来试探您逻辑推理能力、横向思维能力和想象力的极限。您会时不时发现这些富于变化的谜题是那么有趣,又那么烦人,非让您倾尽全力、绞尽脑汁不可。 | |
| 461 | 0 | @12001 @a门萨智力大师 |
| 510 | 1 | @aMensa lateral thinking and logical deduction@zeng |
| 606 | 0 | @a智力测验 |
| 690 | @aG449.4@v5 | |
| 701 | 1 | @c(英)@a查顿@9cha dun@b戴夫@4著 |
| 701 | 1 | @c(英)@a史基特@9shi ji te@b卡罗琳@4著 |
| 702 | 0 | @a丁大刚@9ding da gang@4译 |
| 702 | 0 | @a张相芬@9zhang xiang fen@4译 |
| 702 | 0 | @a庞彦杰@9pang yan jie@4译 |
| 801 | 0 | @aCN@b91MARC@c20160705 |
| 905 | @aMuseLib@dG449.4@e311=2 | |
| 门萨横向思维与逻辑推理=Mensa lateral thinking and logical deduction/(英)戴夫·查顿,卡罗琳·史基特著/丁大刚,张相芬,庞彦杰译.-2版,修订本.-上海:华东师范大学出版社,2016 |
| 244页:图;21cm.-(门萨智力大师) |
| ISBN 978-7-5675-4521-2:CNY30.00 |
| 门萨国际高智商俱乐部的成员都以他们运用智慧解决问题的能力而自豪。他们不断加大难度来试探您逻辑推理能力、横向思维能力和想象力的极限。您会时不时发现这些富于变化的谜题是那么有趣,又那么烦人,非让您倾尽全力、绞尽脑汁不可。 |
| ● |
| 相关链接 |
|
|
|
|
正题名:门萨横向思维与逻辑推理
索取号:G449.4/311=2
 
预约/预借
| 序号 | 登录号 | 条形码 | 馆藏地/架位号 | 状态 | 备注 |
| 1 | 1104726 | 211047268 | 第一样本阅览室/ [索取号:G449.4/311=2] | 在馆 | |
| 2 | 1104727 | 211047277 | 教育系资料室/ [索取号:G449.4/311=2] | 在馆 | |
| 3 | 1104728 | 211047286 | 教育系资料室/ [索取号:G449.4/311=2] | 在馆 | |
| 4 | 1104729 | 211047295 | 教育系资料室/ [索取号:G449.4/311=2] | 在馆 | |
| 5 | 1104730 | 211047302 | 第四借阅区/ [索取号:G449.4/311=2] | 在馆 | |
| 6 | 1104731 | 211047311 | 第四借阅区/ [索取号:G449.4/311=2] | 在馆 |